00689nam a22002297a 450000500170000001000110001702000210002803500110004903700160006004000120007608200110008810000250009924500330012426000380015727000480019530000200024365000220026365000190028594200200030499900190032495201160034320170124110109.0 a561322 c00.00a246639695 a561322 bCen Lib/Ret aDPLbEN aNbDER aDe Roo, Anne 928628 aMoa valley /cby Anne De Roo bRupert Hart-Davis c1969aLondon  bLondona3 upper James Street Golden Square  a204p.c19cm(Hb) aLiterature 96262 aNovels 913976 2ddccENhNmDER c130221d130221 00104070aLbLd2015-07-08eCen Lib/Retg0.00l0oN DERp561322r2015-07-08 00:00:00t1v0.00w2015-07-08yEN